000 00694nam a2200217 a 4500
001 000022794
005 20200930021812.0
008 101118s1972 ve r 000 f spa d
040 _aDO-SdBNP
_bspa
_cBNPHU
082 _aVe863.4
_bD542p
100 1 _aDíaz Rodríguez, Manuel,
_d1871-1927.
_93961
245 1 0 _aPeregrina /
_cManuel Díaz Rodríguez.
260 _aCaracas, (Venezuela) :
_bMonte Ávila Editores,
_c1972.
300 _a224 p. ;
_c16 cm.
490 1 _aBiblioteca popular el dorado
_v29
650 4 _aNovela venezolana
_93962
650 4 _aNovela amorosa
_913334
650 4 _aLiteratura venezolana
_93816
830 0 _aBiblioteca popular el dorado ;
_v29
_913605
049 _aBNGR
999 _c22291
_d22291